| 000 | 01211nam a2200289 i 4500 | ||
|---|---|---|---|
| 003 | EG-GICUC | ||
| 005 | 20260429101442.0 | ||
| 008 | 260429s1998 ua ||||f |||| 00| 0 ara d | ||
| 040 |
_a EG-GICUC _bara _c EG-GICUC _d EG-GICUC _erda |
||
| 041 | 0 | _aara | |
| 082 | 0 | 4 |
_221 _a341.851 _bج م . ق |
| 092 | 0 | 4 | _221 |
| 099 | _aLaw1 11 341.851 ج م . ق 1998 | ||
| 100 | 0 |
_aجمعة صالح حسين محمد عمر _eAuthor. |
|
| 245 | 1 | 2 |
_aالقضاء الدولي : _bوتأثير السيادة الوطنية في تنفيذ الأحكام الدولية: مع دراسة تحليلية لأهم القضايا الدولية / _cتأليف جمعة صالح حسين محمد عمر . |
| 264 | 1 |
_aالقاهرة : _bدار النهضة العربية; _c1998. |
|
| 300 |
_a513 صفحة : _c24 سم _bإيضاحيات، صور، مثيليات ؛ |
||
| 336 |
_2rda content _atext |
||
| 337 |
_2rda media _aComputer |
||
| 338 |
_2rda carrier _aOnline Resource |
||
| 546 | _aالنص باللغة العربية | ||
| 650 | 0 | 4 |
_aالقانون الدولي العام _2qrmak |
| 651 | 1 | _2qrmak | |
| 856 | 4 | 0 | _uhttps://fll.law.cu.edu.eg/fulltext/bks/B12-01348.pdf |
| 905 | _a31 | ||
| 942 |
_2ddc _cBK _e21 _n0 |
||
| 999 |
_c74058 _d74058 |
||